| 000 | 00526nam a2200193 i 4500 | ||
|---|---|---|---|
| 001 | 50413 | ||
| 003 | ES-MaACL | ||
| 005 | 20230906162157.0 | ||
| 007 | t| | ||
| 008 | 030804s1964 sp f ||||1|dspa d | ||
| 080 | _a929(46) | ||
| 100 | 1 |
_aCruset, José. _941775 |
|
| 245 | 1 | 0 |
_aPersonajes definitivos / _cJosé Cruset. |
| 250 | _a[1ª ed.]. | ||
| 260 |
_aBarcelona : _bRumbos, _c1964. |
||
| 300 |
_a326 p., 15 lám. : _bretr. biog. ; _c22 cm. |
||
| 650 | 0 | 4 |
_aEspañoles- _xBiografías. _912469 |
| 852 |
_aES-MaACL _jC-25394 |
||
| 999 |
_c50413 _d50413 |
||